000 02255nam a2200361 i 4500
001 768714001
003 CO-MdFUSB
005 20241003083625.0
007 ta
008 240924t1988 -usa|||| |||| 001 0 eng d
020 _a0-385-24498-3
040 _bspa.
_aCO-MdFUSB
_cCO-MdFUSB
_dCO-MdFUSBC
_erda
041 _aeng
_hger
082 _223
_a230
_bK97
100 _aKüng, Hans,
_d1928-2021.
_eautor
240 _aTheologie im Aufbruch
245 1 _aTheology for the third millennium :
_ban ecumenical view
_c/ Hans Küng ; traducido por Peter Heinegg
264 1 _bDoubleday,
_aNew York, Estados Unidos de América :
_c[1988]
264 1 _c© 1988
300 _a316 páginas :
_bilustraciones
_c; 24 cm
336 _2rdacontent
_atexto
_btxt
337 _2rdamedia
_asin mediación
_bn
338 _2rdacarrier
_avolumen
_bnc
500 _aIncluye índice y bibliografía
505 _tConflictos clásicos:
_aLa teología ecuménica atrapada en el fuego cruzado. -- Consecuencias de la disputa entre Roma, Lutero y Erasmo. -- La Biblia y la tradición de la Iglesia. -- Asuntos pendientes entre el catolicismo, el protestantismo y la ortodoxia. -- ¿Cisma por causa de la Biblia? -- Sobre el problema de la unidad de la Escritura y de la Iglesia. -- ¿Dogma versus Biblia? -- La exégesis histórico-crítica como desafío a la teología dogmática.
_tPerspectivas futuras:
_a¿Cómo se hace teología cristiana? -- Cambio de paradigma en la teología y la ciencia. -- Una aclaración histórico-teológica fundamental. -- ¿Un nuevo modelo básico de teología? -- La teología en camino hacia un nuevo paradigma.
_tUn nuevo rumbo hacia una teología de las religiones del mundo:
_aSobre el cambio de paradigma en las religiones mundiales. -- Reflexiones preliminares sobre un análisis de la situación religiosa de la época. -- ¿Existe una sola religión verdadera? -- Un ensayo sobre el establecimiento de criterios ecuménicos. -- D. Karl Barth y el paradigma posmoderno
563 _aRústica
650 7 _aTeología doctrinal
_9179
650 0 _aCristianismo y otras religiones
_91247
700 _aHeinegg, Peter,
_910746
_etraductor
942 _cBK
945 _aCatherine Arias Alvarez
999 _c70968
_d70968